A portrait of the artist as a young man (Record no. 2320)
[ view plain ]
| 000 -LEADER | |
|---|---|
| fixed length control field | 01450cam a2200373 a 4500 |
| 001 - CONTROL NUMBER | |
| control field | 147233 |
| 003 - CONTROL NUMBER IDENTIFIER | |
| control field | OSt |
| 005 - DATE AND TIME OF LATEST TRANSACTION | |
| control field | 20151029122254.0 |
| 008 - FIXED-LENGTH DATA ELEMENTS--GENERAL INFORMATION | |
| fixed length control field | 981102s2002 nyu 001 0 eng |
| 010 ## - LIBRARY OF CONGRESS CONTROL NUMBER | |
| LC control number | 98074381 |
| 020 ## - INTERNATIONAL STANDARD BOOK NUMBER | |
| International Standard Book Number | 9781586633882 |
| 040 ## - CATALOGING SOURCE | |
| Original cataloging agency | DLC |
| Transcribing agency | DLC |
| Modifying agency | DLC |
| 050 00 - LIBRARY OF CONGRESS CALL NUMBER | |
| Classification number | PR 6019 |
| Item number | .J89 2002 |
| 082 00 - DEWEY DECIMAL CLASSIFICATION NUMBER | |
| Classification number | IB 823.912 |
| Item number | J85p 2002 |
| 100 1# - MAIN ENTRY--PERSONAL NAME | |
| Personal name | Joyce, James |
| 245 10 - TITLE STATEMENT | |
| Title | A portrait of the artist as a young man |
| Statement of responsibility, etc | by James Joyce written by Lona McGregor, with Tony Buzan. |
| 250 ## - EDITION STATEMENT | |
| Edition statement | 1st ed. |
| 260 ## - PUBLICATION, DISTRIBUTION, ETC. (IMPRINT) | |
| Place of publication, distribution, etc | United State of america : |
| Name of publisher, distributor, etc | Spark Publishing, |
| Date of publication, distribution, etc | c2002. |
| 300 ## - PHYSICAL DESCRIPTION | |
| Extent | 85 p. : |
| Other physical details | ill. ; |
| Dimensions | 20 cm. |
| 440 #0 - SERIES STATEMENT/ADDED ENTRY--TITLE | |
| Title | Barron's literature made easy |
| 500 ## - GENERAL NOTE | |
| General note | Includes index. |
| 521 ## - TARGET AUDIENCE NOTE | |
| Source | lexile |
| 562 ## - COPY AND VERSION IDENTIFICATION NOTE | |
| Number of copies | for circulation. 3 copies available in the collection |
| 600 10 - SUBJECT ADDED ENTRY--PERSONAL NAME | |
| Personal name | Joyce, James, |
| Dates associated with a name | 1882-1941. |
| Title of a work | Portrait of the artist as a young man |
| General subdivision | Examinations |
| Form subdivision | Study guides. |
| 600 10 - SUBJECT ADDED ENTRY--PERSONAL NAME | |
| Personal name | Joyce, James, |
| Dates associated with a name | 1882-1941. |
| Title of a work | Portrait of the artist as a young man |
| Form subdivision | Problems, exercises, etc. |
| 700 1# - ADDED ENTRY--PERSONAL NAME | |
| Personal name | Buzan, Tony. |
| 856 42 - ELECTRONIC LOCATION AND ACCESS | |
| Materials specified | Publisher description |
| Uniform Resource Identifier | <a href="http://www.loc.gov/catdir/enhancements/fy0630/98074381-d.html">http://www.loc.gov/catdir/enhancements/fy0630/98074381-d.html</a> |
| 906 ## - LOCAL DATA ELEMENT F, LDF (RLIN) | |
| a | 7 |
| b | cbc |
| c | orignew |
| d | 3 |
| e | opcn |
| f | 19 |
| g | y-gencatlg |
| 942 ## - ADDED ENTRY ELEMENTS (KOHA) | |
| Source of classification or shelving scheme | Library of Congress Classification |
| Koha item type | Books |
| Withdrawn status | Lost status | Source of classification or shelving scheme | Damaged status | Home library | Current library | Shelving location | Date acquired | Total Checkouts | Full call number | Barcode | Date last seen | Copy number | Price effective from | Koha item type | Source of acquisition |
|---|---|---|---|---|---|---|---|---|---|---|---|---|---|---|---|
| Library of Congress Classification | Luxembourg Library | Luxembourg Library | International Baccalaureate Section | 03/11/2013 | PR 6019 .J89 2002 | 15902 | 08/13/2013 | 1 | 10/03/2013 | Books | |||||
| Library of Congress Classification | Luxembourg Library | Luxembourg Library | International Baccalaureate Section | 06/24/2013 | PR 6019 .J89 2002 | 15903 | 08/13/2013 | 2 | 06/24/2013 | Books | |||||
| Library of Congress Classification | Luxembourg Library | Luxembourg Library | Classic Section | 06/24/2013 | PR 6019 .J89 2002 | 15904 | 08/13/2013 | 3 | 06/24/2013 | Books | Donation |